[Event "LSS BI-2009-P-00015"]
[Site "LSS email"]
[Date "2009.04.19"]
[Round "?"]
[White "Korzun, Sergey"]
[Black "Kudryavtsev, Yaroslav Viktorovic"]
[Result "0-1"]
[WhiteElo "1784"]
[BlackElo "1896"]
[PlyCount "28"]
[EventDate "2009.04.20"]
[EventType "tourn (corr)"]
[EventRounds "10"]
[EventCountry "GER"]
[SourceTitle "Corr 2013"]
[Source "ChessBase"]
[SourceDate "2012.11.12"]
[SourceVersion "1"]
[SourceVersionDate "2012.11.12"]
[SourceQuality "1"]
[WhiteTeam "US of America"]
[BlackTeam "US of America"]
[WhiteTeamCountry "USA"]
[BlackTeamCountry "USA"]

1. d4 Nf6 2. g3 e6 3. c4 Bb4+ 4. Nc3 c5 5. a3 Bxc3+ 6. bxc3 Qa5 7. Bd2 d6 8. Bg2 0-0 9. Nf3 Nbd7 10. 0-0 Nb6 11. Qb3 Bd7 12. d5 Qa6 13. Bg5 Ne4 14. Bf4 Ba4 0-1